10 villes françaises BIEN connues commençant par 'S' - Statistiques

Statistiques générales
  • Ce quiz a été pris 32 fois
  • Le résultat moyen est 3 sur 10
Statistiques - réponses
Ville % Correct
1 Strasbourg
81%
2 Saint-Étienne
63%
4 Sète
30%
5 Saint-Malo
26%
3 Saint-Tropez
19%
6 Saint-Tropez
19%
9 Soissons
15%
7 Saumur
11%
8 Sens
11%
10 Sablé-sur-Sarthe
0%
Aucun quiz correspondant
Distribution des résultats
% des personnes avec chaque résultat
Percentile par nombre de réponses
Votre historique - résultats
Vous n’avez pas pris ce quiz